[Event "EU-chT (Men) 13th"]
[Site "Leon"]
[Date "2001.11.08"]
[Round "3.1"]
[White "Milov, Vadim"]
[Black "Adams, Michael"]
[Result "1/2-1/2"]
[WhiteElo "2602"]
[BlackElo "2731"]
[Annotator "Milov,V"]
[PlyCount "75"]
[EventDate "2001.11.06"]
[EventType "team-swiss"]
[EventRounds "9"]
[EventCountry "ESP"]
[SourceTitle "CBM 086"]
[Source "ChessBase"]
[SourceDate "2002.02.05"]
[SourceVersion "1"]
[SourceVersionDate "2002.02.05"]
[SourceQuality "1"]
[WhiteTeam "Switzerland"]
[BlackTeam "England"]
[WhiteTeamCountry "SUI"]
[BlackTeamCountry "ENG"]

1. d4 {Wells} Nf6 2. c4 e6 3. Nc3 Bb4 4. e3 O-O 5. Bd3 d5 6. a3 Bxc3+ 7. bxc3
dxc4 8. Bxc4 c5 9. Nf3 Qc7 10. Ba2 Nbd7 (10... b6 11. O-O Bb7 12. h3 Nbd7 13.
Bb2 Rac8 14. Rc1 Rfd8 15. Qe2 h6 16. Rfd1 Bc6 17. Nd2 Qb7 18. f3 b5 19. e4 $14
{Milov,V-Polgar,J Moscow 2001}) 11. O-O b6 12. Qe2 Bb7 13. Bb2 Rfe8 $5 (13...
e5 14. Rad1 $14 {/\15.d5}) 14. Rac1 h6 15. Rfd1 Rac8 16. h3 (16. Nd2 $5 {
/\17.f3,18.e4} e5 17. Nf1 $14) 16... Bc6 17. Nh2 {'!' Wells.} Qb7 18. f3 cxd4
19. cxd4 Bd5 20. Bb1 {Wells: 'Of course the bishop pair is the key to white's
central expansion in the Rubinstein Nimzo.'} b5 21. e4 $14 Rxc1 22. Rxc1 Bc4
23. Qe3 Qb6 (23... Qb8 24. Ng4 $14 (24. f4 Nh5 25. g3 f5 $5 26. exf5 Ndf6 $13 {
><Bb2})) 24. Kf2 $6 (24. f4) 24... Qb8 (24... e5 25. Nf1 $14) 25. f4 $6 (25.
Ng4 Nxg4+ 26. hxg4 $14 Qh2 $140 27. Bc3) 25... Nb6 $6 (25... Nh5 $142 {Adams}
26. g3 (26. e5 Nb6) 26... f5 27. Nf3 (27. e5 Nb6) 27... Nhf6 28. exf5 exf5 29.
Ne5 Be6 $13) 26. Nf3 Nfd7 {Wells: 'I think most players would simply be
squashed flat as black here. I'm not sure what to make of white's next move (
it is certainly not without sting! ) , but it is impressive how Adams quickly
latches onto pretty much the last active square available for his knight. '} (
26... Nh5 $2 27. Ne5) 27. g4 $1 $36 {>>} Nf8 {'!' Wells.} 28. Rg1 (28. h4 f5 $1
$132 (28... Ng6 29. f5 $16)) 28... f6 (28... Ng6 29. Bc1 $16) 29. h4 {/\30.g5}
(29. g5 hxg5 30. fxg5 f5 31. Ne5 Nfd7 $13) (29. g5 $5 {Wells}) 29... Ng6 30.
Bc1 e5 31. dxe5 fxe5 32. f5 Nf4 {Wells: 'and black found enough counterplay to
hold.'} 33. Re1 $1 (33. Nxe5 $2 Nfd5 34. exd5 Rxe5 $36) (33. Rd1 Be2) 33... Rd8
(33... Bf7 34. Nxe5 $16) 34. g5 $2 (34. Nxe5 Nd3+ $1 35. Nxd3 (35. Bxd3 Qxe5
36. Bxc4+ Nxc4 37. Qg3 Qxg3+ (37... Qd4+ 38. Kg2) 38. Kxg3 Rd3+ 39. Kf2 Nxa3
40. e5 Nc4 41. e6 Kf8 $11) 35... Qh2+ 36. Kf3 (36. Kf1 Qh1+ 37. Ke2 $2 Qg2+ 38.
Qf2 Qxe4+) 36... Bxd3 37. Bxd3 Nd7 $1 {Adams} 38. e5 (38. Bb2 Qxb2 39. Be2 Ne5+
$13) 38... Nxe5+ 39. Qxe5 Rxd3+ 40. Ke4 Qc2 41. Qe8+ Kh7 42. Qg6+ $11) (34. Qc5
Nd7 35. Qe7 Nf6 $13) (34. Bb2 $1 Nd3+ (34... Nd7 35. Rd1) 35. Bxd3 Rxd3 36.
Bxe5 (36. Qc5 Nd7 37. Qe7 Nf6 38. g5 Ng4+ 39. Kg3 h5 $13) 36... Qf8 (36... Rxe3
37. Bxb8 Rxa3 38. Rd1 $16) 37. Qf4 Qxa3 38. Ba1 $16 {Adams; ><Kg8;o^ e}) 34...
hxg5 35. hxg5 Bd3 $1 (35... Nd3+ 36. Bxd3 Rxd3 (36... Bxd3 37. g6) 37. Qc5 Nd7
38. Qe7 $16) 36. Ba2+ (36. Nxe5 Qxe5 37. Qxf4 Qd4+ 38. Qe3 (38. Be3 Qb2+ 39.
Kg3 Bxb1 40. g6 Ba2 $19 {Adams}) 38... Bxb1 39. Qxd4 Rxd4 40. Be3 Rxe4 41. Rxb1
Nc4 $11) 36... Bc4 (36... Nc4 37. Nxe5 $18) 37. Bb1 Bd3 38. Ba2+ 1/2-1/2

[Event "RUS-Cup9"]
[Site "Novgorod"]
[Date "1997.06.16"]
[Round "5"]
[White "Galliamova, Alisa"]
[Black "Goldin, Alexander"]
[Result "1-0"]
[WhiteElo "2440"]
[BlackElo "2590"]
[Annotator "Petursson,M"]
[PlyCount "63"]
[EventDate "1997.06.11"]
[EventType "swiss"]
[EventRounds "9"]
[EventCountry "RUS"]
[SourceTitle "CBM 060"]
[Source "ChessBase"]
[SourceDate "1997.09.29"]
[SourceVersion "1"]
[SourceVersionDate "1997.09.29"]
[SourceQuality "1"]

1. d4 Nf6 2. c4 e6 3. Nf3 b6 4. Nc3 Bb4 5. e3 Bb7 6. Bd3 O-O 7. O-O d5 8. cxd5
exd5 9. Ne5 Bd6 10. f4 c5 11. Rf3 g6 12. Bd2 Nc6 13. Qa4 (13. Rh3 {Fritz 5.00 
(100s)} cxd4 14. Nxc6 Bxc6 15. exd4 Ne4 16. f5 Qf6 17. Bxe4 dxe4 18. Qg4 Qxf5
19. Qh4 h5 20. Bh6 Rfe8 21. Rf1 Be7 22. Qg3 Qg4 23. Qe3 Rad8 24. Kh1 Qe6 25.
Ne2 Bb5 26. Nf4 Qf5 27. Re1 h4 28. g4 Qxg4 29. Qb3 e3 30. Qxb5 Bd6 31. Qg5 Qxg5
32. Bxg5 f6 33. Bxf6 Bxf4 34. Bxd8 Rxd8 35. Rxh4 Rxd4 36. Rg4 Kh7 37. Re2 g5
38. Kg2 Kg6 39. Kf3 Kf5 40. Rg1 Rd8 41. h4 gxh4 42. Rg7 Rd1 43. Rf7+ Ke5 44.
Re7+ {1/2-1/2 Knaak,R-Petrosian,T/Tallinn 1979/MCD-r7}) 13... Nb4 14. Bb1 a6
15. a3 b5 16. Qd1 Nc6 17. Be1 Rc8 18. Bh4 Be7 19. Ba2 c4 20. Bg5 Ne4 21. Bh6
Re8 22. Qe2 f6 $2 {When you ask for trouble you usually get it!} (22... Nxc3 $5
{Fritz 5.00 (100s)} 23. bxc3 Bxa3 24. Nxc6 Rxc6 25. Bxc4 Be7 $13) {[%tqu "En",
"What is the strongest move for White here?","Go for the direct attack!","Yes!
Sacrifice the knight!","e5g6","YES!   You gave him what he asked for!",15]} 23.
Nxg6 $3 hxg6 24. Nxe4 Nxd4 $1 {The best defence} (24... dxe4 25. Bxc4+ bxc4 (
25... Kh7 26. Rh3 f5 27. Bf7 Nxd4 28. Qf2 $18) 26. Qxc4+ Kh8 27. Qf7 Rg8 28.
Rh3 Qd6 29. Bg7#) 25. exd4 Bf8 (25... dxe4 26. Rg3 Qxd4+ 27. Kh1 Kh7 28. Qg4 g5
29. Qf5+ Kh8 30. Rh3 $18) 26. Rg3 $1 dxe4 (26... Bxh6 27. Qh5 Bg7 28. Qxg6 Qe7
29. Nxf6+ Kf8 30. Nxe8 $18) 27. Rxg6+ Kf7 {[%tqu "En","How do you continue the
attack?","Bring your queen to the attack!","It's the longest possible queen
move","e2h5","",10]} 28. Qh5 $1 Qxd4+ 29. Kh1 Bxh6 (29... Qxb2 30. Rd1 $18) 30.
Rxh6+ Ke6 31. Qg4+ Kd6 {BLACK RESIGNED because of} 32. Rd1 {winning the queen}
1-0

[Event "POL-chT 66th"]
[Site "Katowice"]
[Date "2010.09.08"]
[Round "5"]
[White "Krejci, Jan"]
[Black "Navara, David"]
[Result "1/2-1/2"]
[WhiteElo "2454"]
[BlackElo "2722"]
[Annotator "Primel,D"]
[PlyCount "85"]
[EventDate "2010.09.04"]
[EventType "team-tourn"]
[EventRounds "9"]
[EventCountry "POL"]
[SourceTitle "EXT 2016"]
[Source "ChessBase"]
[SourceDate "2015.10.08"]
[SourceVersion "1"]
[SourceVersionDate "2015.10.08"]
[SourceQuality "1"]
[WhiteTeam "Wroclaw"]
[BlackTeam "Katowice Szopienice"]
[WhiteTeamCountry "POL"]
[BlackTeamCountry "POL"]

1. d4 Nf6 2. c4 e6 3. Nc3 Bb4 4. e3 O-O (4... c5) (4... b6 5. Bd3 Bb7 6. Nf3
O-O (6... Ne4 $5 {Profitant du fait que les Noirs ont retardé le oo} 7. Qc2 f5
8. O-O Bxc3 9. bxc3 O-O 10. c5 $5 {Caruana,F (2802)-So,W (2788) Gashimov
Memorial 2015 (7) 1-0})) 5. Bd3 d5 6. Nf3 b6 {Une vieille ligne popularisée
par KERES et TAIMANOV dans les années 50.} (6... c5 {La grande ligne} 7. O-O
Nc6 (7... dxc4 8. Bxc4 Nbd7 9. Qe2 b6 10. Rd1 {[%cal Gd1d8]})) 7. O-O (7. cxd5
exd5 8. Ne5) (7. a3) 7... Bb7 8. a3 (8. cxd5 exd5 9. a3 Bd6 10. b4 a6 11. Qb3
Qe7 12. Re1 Nbd7 13. Ra2 h6 14. Nh4 Rfb8 15. Nf5 Qe6 16. Nxd6 Qxd6 17. b5 Qe6
18. a4 axb5 19. axb5 Ne4 20. Ba3 Ra7 21. Bb4 Rxa2 22. Nxa2 Nec5 23. dxc5 bxc5
24. Qc3 cxb4 25. Nxb4 Rc8 26. Rc1 Ne5 27. Qd4 c6 28. Bf1 cxb5 29. Rxc8+ Bxc8
30. Nxd5 Bd7 31. Nc7 Qe7 32. Nxb5 Nf3+ 33. gxf3 Qg5+ 34. Kh1 Bxb5 35. Bxb5 Qxb5
36. Kg2 g6 37. f4 Qc6+ {Radjabov,T (2731)-Jakovenko,D (2733) Tbilisi 2015 1/
2-1/2 (79)}) 8... dxc4 $5 {Un ordre de coups assez rare mais c'est
probablement une simple transposition} (8... Bd6 9. b4 {Babula,V (2549)-Navara,
D (2716) Pardubice op rap 25th rapid 2014 (5) 0-1}) 9. Bxc4 Bd6 (9... Bxc3 10.
bxc3 Nbd7 (10... c5 11. Re1 Nbd7 12. Bd3 {[%cal Ge3e4];Tomashevsky,E (2715)
-Edouard,R (2658) Gibraltar Masters 12th 2014 (8) 1/2}) 11. Qe2 $14) (9... Be7
10. b4 {[%csl Gc5]} Nbd7 11. Bb2 c5 $132 {Korobov,A (2693)-Klekowski,M (2418)
EU-ch blitz Wroclaw 2014 (3) 1-0}) 10. Re1 $146 (10. b4 Nbd7 11. Bb2 a5 12. b5
e5 $132 {Spassky,B (2625)-Tal,M (2645) Moscow 1975 1/2}) (10. Qe2 Nbd7) 10...
c5 $1 {Face à la menace e3e4, les Noirs doivent réagir au centre} 11. Nb5 Be7
12. dxc5 $1 Qc8 {[%cal Gc8c4]} (12... Bxc5 $2 13. Qxd8 Rxd8 14. Nc7) 13. Bd3
Qxc5 (13... Bxc5 $143 14. b4 Be7 15. Bb2 $32 {[%cal Ga1c1,Gc1c8]}) 14. b4 Qh5
$1 15. Bb2 (15. Nc7 $6 Bxf3 $1 16. Qxf3 Qe5 {[%cal Ge5a1,Ge5c7]} 17. Nb5 (17.
Nxa8 Qxa1) 17... Qxa1 18. Qxa8 Rc8 $1 {[%csl Rc1,Re1]} 19. Bf1 Rxc1 20. Qxb8+
Bf8 21. Rxc1 Qxc1 22. Qxa7 {Les Blancs ont gagné un P mais la position n'est
pas claire}) 15... Nbd7 16. Ne5 Qg5 {Les pièces Noires sont très actives} 17.
Nf3 Qh5 18. Ne5 Qh4 19. Nf3 Qh6 20. Rc1 Rfd8 21. h3 (21. Rc7 Bxf3 22. Qxf3 a5)
21... a5 22. Rc7 Bxf3 23. Qxf3 Nd5 24. Rb7 axb4 25. axb4 Bxb4 {Le P gagné
n'est pas facile à valoriser} 26. Rc1 Bc5 $6 27. Be4 (27. Rxc5 $1 bxc5 28. Nd6
{[%csl Rf7]} N5f6 29. Rxd7 $1 $40 {[%csl Ra8] La pointe de la variante}) 27...
Ra2 28. Bd4 N5f6 29. Bb1 Ra5 30. Bxc5 Nxc5 31. Rxb6 Nfd7 32. Nd6 Qf6 33. Qxf6
gxf6 (33... Nxf6) 34. Rb5 Ra4 35. Nb7 Nxb7 36. Rxb7 Ne5 $1 37. f4 Rc4 38. Rf1
Ng6 39. f5 exf5 40. Ba2 $36 Rc2 41. Bxf7+ Kh8 42. Bxg6 Rdd2 43. Ra1 1/2-1/2

[Event "Hoogovens"]
[Site "Wijk aan Zee"]
[Date "1997.01.21"]
[Round "3"]
[White "Piket, Jeroen"]
[Black "Illescas Cordoba, Miguel"]
[Result "1/2-1/2"]
[WhiteElo "2640"]
[BlackElo "2635"]
[Annotator "Psakhis,L"]
[PlyCount "45"]
[EventDate "1997.01.18"]
[EventType "tourn"]
[EventRounds "13"]
[EventCountry "NED"]
[EventCategory "16"]
[SourceTitle "CBM 057"]
[Source "ChessBase"]
[SourceDate "1997.04.01"]
[SourceVersion "1"]
[SourceVersionDate "1997.04.01"]
[SourceQuality "1"]

1. d4 {Yudasin,L} Nf6 2. c4 e6 3. Nf3 b6 4. Nc3 Bb4 5. e3 Bb7 6. Bd3 O-O 7. O-O
d5 8. cxd5 exd5 9. Ne5 (9. Qc2 {Yudasin,L} c5 {Nbd7-c4-Bxc3} (9... Nbd7 10. Ne5
Qe7 11. f4 c5 $13 (11... Bxc3 {Ne4}))) 9... Nbd7 (9... c5 $5) 10. f4 (10. Qa4
Bd6 11. Nxd7 Nxd7 12. b4 a6 13. Qb3 Qh4 14. g3 Qh5 15. Ne2 Nf6 $15 {1/2-1/2
Hracek,Z-Dautov,R/Nimes 1991 (27)}) 10... Bxc3 $5 {Interesting new move.} (
10... c5 11. Bd2 (11. Qf3 cxd4 12. exd4 Ne4 13. Qh3 Ndf6 14. Ne2 Rc8 $11 {
0-1 Georgadze-Tal,M/USSR-tm 1981 (43)}) 11... Ne4 12. Nxe4 dxe4 13. Bc4 Bxd2
14. Qxd2 Nxe5 15. fxe5 Bd5 16. b3 cxd4 17. exd4 Rc8 $13 {1/2-1/2 Sadler,
M-Speelman,J/Hastings A 1993 (23)}) 11. bxc3 c5 {ץc1} 12. Ba3 {Yudasin: with
the idea c4} (12. Qa4 {Yudasin,L} Qc7 (12... a6 $5)) 12... Rc8 (12... Re8 {
Yudasin,L with a6 and Ne4}) 13. Qe2 {Yudasin: white may sometimes play Rf3-Rh3
with some ideas on the King's side} (13. Qa4 Nxe5 14. fxe5 Bc6 15. Qd1 Ne4)
13... Ne4 14. Bxe4 (14. c4 {Yudasin,L} Ndf6) 14... dxe4 15. Rad1 Qe8 (15...
Nxe5 16. fxe5 (16. dxe5 {Yudasin,L} Qc7 17. Rd6 Rfd8 18. Rfd1 $14 {[%cal Gc3c4,
Ga3b2]}) 16... Qc7 $13) 16. Nxd7 (16. dxc5 Nxe5 17. fxe5 (17. cxb6 Nd3 18. Bxf8
Qxf8 19. bxa7 Qa3 $17) 17... bxc5 18. Rb1 Ba8 $15) (16. Qg4 {Yudasin,L} Nf6)
16... Qxd7 17. f5 (17. dxc5 Qa4 18. Qb2 bxc5 $11) 17... Qa4 18. f6 $2 {Too
optimistic.} (18. Qb2 $142 $10) 18... Ba6 $1 (18... Qxa3 19. Qg4 (19. fxg7 Kxg7
$19) 19... g6 20. Qg5 Kh8 21. Rf4 $1 (21. Qh6 Rg8 22. Rf4 g5 $1 $19) 21... Qxc3
22. Rh4 cxd4 23. Rh3 $1 Qxe3+ 24. Rxe3 dxe3 25. Qxe3 {and in spite of black,s
material advantage, White position is nice.}) 19. Qh5 (19. Qg4 {Yudasin,L} g6
20. Qg5 (20. Rf4 h5 $1 $19) 20... Kh8) 19... Rc6 $1 20. c4 (20. fxg7 Kxg7 21.
Bb2 Bxf1 22. Rxf1 Qc2 23. Qe5+ Kg8 $19) (20. Qg5 $2 Rxf6 {[%cal Ra4d1]} (20...
Rxf6 {Yudasin,L} 21. Rxf6 Qxd1+)) (20. d5 {Yudasin,L} Rd6 (20... Rxf6 $1 21.
Rxf6 gxf6 22. Bb2 (22. Re1 Qxa3) 22... Qc2) 21. c4 Bxc4 22. Bb2 $40) 20... Qxa3
$2 ({Honestly, I didn't understand, why not simple} 20... g6 {For example} 21.
Qg5 (21. Qh6 Rxf6 22. Rxf6 (22. Bb2 Rxf1+ 23. Rxf1 Qxc4 24. Rf2 (24. Rc1 Qxa2
25. Bc3 Qa3) 24... Qb4 25. g4 Qe1+ 26. Kg2 Be2 $1 27. dxc5 Bf3+ 28. Kh3 f6 $19)
22... Qxd1+ 23. Rf1 Qd3 24. Bb2 Qxc4 $19) 21... Bxc4 (21... Qxa3 22. Qh6 (22.
d5 Rd6 23. Qh6 Rxf6 24. Rxf6 Bxc4 25. d6 Qa4) 22... Rxf6 23. Rxf6 cxd4 24. Rxd4
Qxa2 $15) 22. d5 (22. Bb2 Bxf1 23. Rxf1) 22... Bxf1 23. Rxf1 Rxf6 24. Qxf6 Qxa3
25. d6 Qxe3+ 26. Kh1 Qd2 $19) (20... Bxc4 {Yudasin,L} 21. fxg7 Kxg7 22. d5 $1
Rg6 $1 (22... Rh6 23. Bb2+ f6 24. Qg4+ Rg6 25. Qxe4 Re8 26. Qf4 Qc2 27. Bxf6+
Kg8 28. Qf2 $16) 23. Bb2+ f6 24. Rf2 Rh6 25. Qg5+ Rg6 26. Qh5 $11) 21. Qg5 Rxf6
22. Rxf6 Bxc4 (22... cxd4 $5 23. Rxd4 (23. exd4 $2 Bxc4 $17) 23... Qxa2 24. Rf2
Qa1+ 25. Rf1 Qc3 26. Rd8 $1 g6 (26... Qa3 27. Rxf8+ Qxf8 28. Qd5 $14) 27. Rxf8+
Kxf8 {and Black more or less OK.}) 23. dxc5 (23. dxc5 bxc5 (23... Qxc5 $6 24.
Qxc5 bxc5 25. Rc6 Bxa2 26. Ra1 $16 {[%csl Ra7,Rc5]}) 24. Rc6 Qa4 25. Rd8 $5
Qxc6 26. Qe7 h6 27. Qxf8+ Kh7 {and draw will welcome result for both sides/}) (
23. d5 {Yudasin,L} Bxa2) 1/2-1/2

[Event "Dresden zt 1.2"]
[Site "Dresden"]
[Date "1998.05.03"]
[Round "6"]
[White "Jussupow, Artur"]
[Black "Dautov, Rustem"]
[Result "1/2-1/2"]
[WhiteElo "2630"]
[BlackElo "2600"]
[Annotator "Psakhis,L"]
[PlyCount "43"]
[EventDate "1998.04.28"]
[EventType "swiss"]
[EventRounds "11"]
[EventCountry "GER"]
[SourceTitle "CBM 065"]
[Source "ChessBase"]
[SourceDate "1998.08.06"]
[SourceVersion "1"]
[SourceVersionDate "1998.08.06"]
[SourceQuality "1"]

1. d4 {Dautov} Nf6 2. c4 e6 3. Nc3 Bb4 4. e3 O-O 5. Bd3 d5 6. Nf3 b6 7. O-O Bb7
8. cxd5 exd5 9. Bd2 ({More aggressive} 9. Ne5 $5 {[%cal Gf2f4,Gd1f3] but
Jussupow choose modest move, but no without poison.}) 9... Nbd7 (9... Bd6 {
Dautov}) 10. Qc2 ({Black can easely equalised after} 10. Rc1 a6 11. Ne5 Nxe5 $1
(11... Bd6 12. f4 c5 (12... Ne4 13. Nxe4 dxe4 14. Bc4 Qe7 15. Be1 Kh8 16. Qh5
$40 {1-0 Gligoric,S-Pirc,V/Zagreb 1955 (25)}) 13. Qf3 b5 14. Qh3 g6 15. Nxd7
Nxd7 16. f5 Be7 17. fxg6 hxg6 18. dxc5 Nxc5 19. Bb1 $36 {1-0 Smyslov,
V-Bisguier,A/Moscow 1955 (37)}) 12. dxe5 Nd7 13. a3 (13. e6 Nf6 14. Ne2 Bxd2
15. exf7+ Rxf7 16. Qxd2 Ng4 17. h3 Ne5 18. Bb1 Qh4 $11 {0-1 Reitz-Zuhehor/corr
1989 (39)}) 13... Be7 14. Qc2 Nxe5 15. Bxh7+ Kh8 16. f4 Ng4 17. Bf5 Nh6 18. Ne2
c5 19. Ng3 d4 20. Be4 Bxe4 21. Qxe4 Bf6 {1/2-1/2 Gligoric,S-Tal,M/Oberhausen
EUchT 1961}) 10... a6 {[%cal Gb4d6] /\Bd6 N/ New and not bad move, bad Black
has no troubles and after more popular} (10... c5 {for example:} 11. Ne5 (11.
a3 Bxc3 12. Bxc3 c4 13. Bf5 g6 {1/2-1/2 Bouwmeester,H-Milic,B/Beverwijk 1958})
11... Nxe5 12. dxe5 Ne4 13. Bxe4 dxe4 14. Rfd1 Qe7 (14... Qd3 $5) 15. a3 Bxc3 (
15... Ba5 16. Nxe4 Bxd2 17. Rxd2 Qxe5 18. Nd6 Bc6 19. Rad1 Rad8 20. Qb3 $14 {
1-0 Portisch,L-Tal,M/Bled cq 1965 (43)}) 16. Bxc3 Rad8 $11) 11. Ne5 {What else?
} (11. Rac1 Bd6 $11) 11... Nxe5 $5 (11... Bd6 12. f4 c5 13. Bf5 $5) 12. dxe5
Ne4 $1 13. Bxe4 (13. Nxe4 $2 dxe4 14. Bxa6 (14. Bxb4 exd3 15. Qd2 c5 $17) 14...
Bxa6 15. Bxb4 Bxf1 (15... c5 $5) 16. Bxf8 $140 $2 Bd3 $19) (13. Rfd1 Bxc3 14.
Bxc3 Qe7) (13. Be1 {Dautov} Bxc3 14. bxc3 Qe7 (14... Qg5 15. f3 Qxe3+ 16. Kh1
$36) (14... h6 $5 15. f3 Nc5) 15. f3 Nc5 16. Bxh7+ Kh8 17. Qf5 g6 18. Qh3 Kg7
19. f4 Bc8 $13) 13... dxe4 14. Rfd1 Bxc3 $5 (14... Qh4 15. Ne2 Bxd2 16. Qxc7 $1
Bxe3 17. fxe3 Rab8 18. Rac1 Ba8 (18... Rfc8 $4 19. Qxb7 $18) 19. Nf4 $14) (
14... Qe7 $2 {Dautov} 15. Nd5 $1 Bxd5 16. Bxb4 Qxb4 17. Rxd5 $16) (14... Qg5 {
Dautov} 15. Ne2 $1 (15. Nxe4 Qxe5 16. Bxb4 Bxe4 $11) 15... Bxd2 16. Qxc7 Ba5
17. Qxb7 $14) 15. Bxc3 Qe7 16. Rd2 (16. Rd4 $5 Qxe5 $140 17. Rd7 Qc5 18. Rad1
$44) (16. b4 $5 {Dautov}) 16... Rad8 17. Rad1 a5 (17... Rxd2 18. Qxd2 Rc8 19.
Qd7 $140 Qxd7 20. Rxd7 Bc6 $11) 18. h3 h6 19. a3 Rfe8 20. e6 {Last effort in
compleatly equal position.} (20. Rd4 Rxd4 21. exd4 Rd8 $11) (20. Qb3 {Dautov}
Rxd2 21. Rxd2 Bc6 22. Qc4 Qe6 23. Qxe6 fxe6 $11) (20. Qa4 {Dautov} Rxd2 21.
Rxd2 Rd8 $11) 20... fxe6 21. Be5 Rxd2 22. Qxd2 (22. Qxd2 Bd5 23. b4 axb4 (23...
a4 {Dautov} 24. Qc3 c6 25. Qd4 b5 26. Qb6 Rf8 27. Rc1 $11) 24. axb4 $44 (24.
axb4 Ra8 25. Ra1 $11)) (22. Rxd2 {Dautov} Rc8 23. Qc4 Bd5 24. Qa6 Ra8 25. Qb5
$11) 1/2-1/2

[Event "Cappelle op 31st"]
[Site "Cappelle la Grande"]
[Date "2015.03.05"]
[Round "7"]
[White "Pacher, Milan"]
[Black "Dragun, Kamil"]
[Result "1/2-1/2"]
[WhiteElo "2432"]
[BlackElo "2558"]
[Annotator "RR"]
[PlyCount "138"]
[EventDate "2015.02.28"]
[EventType "swiss"]
[EventRounds "9"]
[EventCountry "FRA"]
[SourceTitle "EXT 2016"]
[Source "ChessBase"]
[SourceDate "2015.10.08"]
[SourceVersion "1"]
[SourceVersionDate "2015.10.08"]
[SourceQuality "1"]

1. d4 Nf6 2. c4 e6 3. Nc3 Bb4 4. Nf3 b6 5. e3 O-O 6. Bd3 d5 (6... Bb7 7. O-O c5
8. Na4 {[%cal Ga2a3]}) 7. O-O Ba6 $5 (7... Bb7 {[%csl Ge4] La grande ligne}) 8.
Qb3 $146 (8. cxd5 exd5 9. Bxa6 Nxa6 10. Qa4 Qc8 11. Bd2 Re8 12. Rfc1 Bf8 13.
Ne2 c5 14. dxc5 Nxc5 15. Qc2 Qa6 16. Bc3 Nce4 17. Bxf6 Nxf6 18. Nf4 Bd6 19. Qd3
Qb7 20. Ne2 g6 21. Rd1 Rac8 22. Rac1 Rxc1 23. Rxc1 Rc8 24. Rxc8+ Qxc8 25. b3
Qc5 26. g3 Ne4 27. Kg2 b5 28. Nfd4 a6 29. f3 Nf6 30. g4 Nd7 31. h3 Bc7 32. Qc3
Qd6 33. f4 Nc5 34. Ng3 Bb6 35. Kf3 Qd7 36. Nde2 Qe7 37. Qd4 Nd7 {Rodshtein,M 
(2654)-Almasi,Z (2695) Tsaghkadzor 2015 1/2-1/2}) 8... Nc6 $6 {Un peu bizarre
après avoir joué b6 sans la poussée c5 et le Nc6 manque un peu de protection
} (8... c5 $142) (8... Bxc3 9. Qxc3) 9. Rd1 Bxc3 10. Qxc3 dxc4 11. Bxc4 Ne4 $1
12. Qd3 Bxc4 13. Qxc4 Qd5 $11 14. Qxd5 exd5 15. Bd2 Rfc8 16. Rac1 $14 {
L'affaiblissement de la case "c6" commence à se faire sentir.} Nd8 17. Ne5 c6
18. f3 Nd6 19. Bb4 $32 N6b7 20. Ba3 f6 21. Nd3 Kf7 22. Kf2 Ne6 23. Nb4 (23. b4
$6 {[%csl Rc6]} a5 {[%cal Ga8a3]}) 23... Na5 24. b3 Ke8 25. Bb2 (25. Na6 $5 {
[%csl Rb8,Gc5][%cal Gf2e2,Ge2d3,Ge3e4]} Kd7 26. e4) 25... Kd7 26. h4 (26. g4 {
[%csl Gf5]}) 26... Re8 27. g4 Rac8 28. e4 Nc7 29. Re1 Re6 30. Nd3 Nb7 (30...
Rce8 31. e5 $16 {[%csl Gd3]}) 31. e5 Rf8 32. exf6 (32. Kg3 $5 {[%cal Gf3f4,
Gf4f5]}) 32... gxf6 33. g5 Rxe1 34. Rxe1 Ne6 35. Ba3 c5 $11 {La poussée
libératrice est enfin réalisée} 36. dxc5 bxc5 37. gxf6 Rxf6 38. Re5 Kd6 39.
b4 (39. Rh5 {[%csl Rh7]}) 39... cxb4 (39... c4 40. b5+ Nbc5) 40. Bxb4+ Kc6 41.
Be7 {Après avoir longtemps été enfermé en millieu de jeu, le B se ranime
et il domine le N dans cette position ouverte} Rg6 42. Nb4+ Kd7 43. Nxd5 Nd6
44. Bg5 (44. f4 $5 {[%csl Gf4][%cal Gf4f5]}) 44... Nf7 $1 45. Nf6+ Kd6 46. Ra5
Nfxg5 47. hxg5 Nxg5 48. Nxh7 Nh3+ 49. Ke3 Rg7 50. Nf6 Kc6 $1 51. Ne4 Rf7 52.
Ra6+ Kd5 53. Rf6 $1 Rxf6 54. Nxf6+ Kc4 55. Ne4 Kb4 56. Nf2 Ng5 57. f4 Nf7 58.
Ne4 a5 (58... Ka3) 59. Kd3 Nh6 60. Nc3 Nf5 61. Nb1 Ng3 62. Kd4 a4 63. Kd5 Nf5
64. Ke5 Nh6 65. f5 Kc4 66. Ke4 Nxf5 67. Kxf5 Kd3 68. Na3 Kc3 69. Ke4 Kb2
1/2-1/2

[Event "Bundesliga 1112"]
[Site "Germany"]
[Date "2011.11.19"]
[Round "4.5"]
[White "Nyback, Tomi"]
[Black "Kohlweyer, Bernd"]
[Result "1-0"]
[WhiteElo "2627"]
[BlackElo "2458"]
[Annotator "RR"]
[PlyCount "81"]
[EventDate "2011.10.14"]
[EventType "team-tourn"]
[EventRounds "15"]
[EventCountry "GER"]
[SourceTitle "CBM 146"]
[Source "ChessBase"]
[SourceDate "2012.01.18"]
[SourceVersion "1"]
[SourceVersionDate "2012.01.18"]
[SourceQuality "1"]
[WhiteTeam "Werder Bremen"]
[BlackTeam "Dortmund Hansa"]
[WhiteTeamCountry "GER"]
[BlackTeamCountry "GER"]

1. d4 Nf6 2. c4 e6 3. Nc3 Bb4 4. Nf3 b6 5. e3 O-O 6. Bd3 d5 7. cxd5 exd5 8. O-O
Bb7 9. a3 Bd6 10. b4 a6 11. Bb2 Nbd7 12. Ne2 Ne4 13. Ne5 Qe7 14. f3 Nef6 15. f4
Ne4 16. Bxe4 dxe4 17. Ng3 f5 18. Qb3+ Kh8 19. Rac1 b5 20. Rfd1 Rae8 21. Nc6
Bxc6 22. Rxc6 Nb6 23. d5 Qf7 24. Bd4 Nc4 25. a4 Ra8 26. Ne2 Kg8 27. Nc3 Rfb8
28. Ra1 Qh5 29. Qd1 Qxd1+ 30. Nxd1 Nd2 31. Ra2 Nb3 32. Be5 a5 33. axb5 Rxb5 34.
Bxd6 Rxd5 35. Be5 Rxd1+ 36. Kf2 Rd7 $2 (36... Ra7 37. bxa5 Rc1 $11) 37. Rc3 $18
Nd2 38. bxa5 c5 39. Ke2 Rad8 40. a6 Nb1 41. Rcc2 1-0